00217nam a2200085Ia 4500008004100000100001500041245003800056260002600094650001100120190216s9999||||xx |||||||||||||| ||und|| aOmar Afzal 4aThe Dictionary Arabic And English bPoorna Pubs Kozhikode aArabic